000 01301nam a22002897a 4500
005 2010101908158.0
008 101019t xxu||||| |||| 00| 0 hin d
010 _aHIN-96369
020 _c125.00
_a9788176505178
035 _aHN-68715
037 _bDBAD / PUB
040 _aDPL
_bHN
082 _a821
100 _923632
245 _aकविताएं जो छप न सकी /
_cनमिता (सती सावित्री) द्वारा संपादित
_hकाव्य संग्रह
260 _aनई दिल्ली
_bस्टार पब्लिकेंशन्स
_c2012
270 _bनई दिल्ली
_a4/5, बी, आसफ अली रोड़
_e110002
300 1 _a111पृ.
_c22सेमी (सजिल्द)
490 _aप्रवासी भारतीय-साहित्य श्रृंखला
_950711
650 _9657
_aहिन्दी कविता
650 _934273
700 _948760
_aनमिता (सती सावित्री)
710 _934811
710 _935049
942 _2ddc
_cHN
_mकविता
_h821
999 _c68838
_d68838